[Event "URS-ch sf"]
[Site "Minsk"]
[Date "1983.??.??"]
[Round "?"]
[White "Balashov, Yuri S"]
[Black "Rozentalis, Eduardas"]
[Result "1/2-1/2"]
[WhiteElo "2540"]
[BlackElo "2200"]
[PlyCount "101"]
[EventDate "1983.09.??"]
[Source "ChessBase"]

1. e4 e5 2. f4 exf4 3. Nf3 Be7 4. Nc3 Nf6 5. d4 d5 6. Bd3 dxe4 7. Nxe4 Nxe4 8. Bxe4 Bd6 9. O-O Nd7 10. c4 c6 11. Bc2 O-O 12. Ne1 Qh4 13. Qf3 g5 14. Qd3 Nf6 15. Nf3 Qh5 16. Bd2 Bg4 17. Rae1 Rad8 18. Bc3 Bxf3 19. gxf3 Qg6 20. Qd2 Qh6 21. b4 b6 22. Qd3 Rfe8 23. Qf5 Re3 24. Bd2 Kg7 25. Rf2 Rxe1+ 26. Bxe1 Re8 27. Bd2 c5 28. Rg2 cxd4 29. Qxg5+ Qxg5 30. Rxg5+ Kf8 31. Kf1 Rc8 32. Bd3 Ke7 33. Ke2 h6 34. Rf5 Rg8 35. Kf2 Rg5 36. h4 Rh5 37. c5 bxc5 38. bxc5 Bc7 39. c6 Rxf5 40. Bxf5 Nh5 41. Bb4+ Kd8 42. Bf8 Ng3 43. Bd3 h5 44. Kg2 f6 45. a4 Bb8 46. Bc5 Kc7 47. Bxd4 Kxc6 48. Bxf6 Bc7 49. Bc3 Kd5 50. a5 Ke6 51. Bc4+ 1/2-1/2

[Event "Havana-B"]
[Site "Havana CUB"]
[Date "1986.??.??"]
[Round "?"]
[White "Remon, Adelquis"]
[Black "Hernandez, Alberto"]
[Result "1/2-1/2"]
[WhiteElo "2395"]
[BlackElo "2335"]
[PlyCount "25"]
[EventDate "1986.02.??"]
[Source "www.chesslib.no"]
[SourceDate "2004.05.04"]

1. e4 e5 2. f4 exf4 3. Nf3 Be7 4. d4 d5 5. exd5 Nf6 6. Bxf4 Nxd5 7. Bd2 O-O 8. Be2 c6 9. Nc3 Nxc3 10. Bxc3 Bg4 11. O-O Na6 12. Ne5 Bxe2 13. Qxe2 1/2-1/2

[Event "Cappelle Open"]
[Site "Cappelle la Grande FRA"]
[Date "1994.??.??"]
[Round "6"]
[White "Maes, Wim"]
[Black "Mitkov, Nikola"]
[Result "0-1"]
[WhiteElo "2245"]
[BlackElo "2470"]
[PlyCount "74"]
[EventDate "1994.02.??"]
[Source "www.chesslib.no"]
[SourceDate "2004.05.04"]

1. e4 e5 2. f4 exf4 3. Nf3 Be7 4. Bc4 Bh4+ 5. Kf1 d5 6. exd5 Bg4 7. d4 Ne7 8. Nc3 Ng6 9. Qe2+ Be7 10. h4 h5 11. Qe4 Nd7 12. Bxf4 Nf6 13. Qe3 O-O 14. Re1 Bf5 15. Ne5 Ng4 16. Nxg4 Bxg4 17. Bg5 Re8 18. Bxe7 Rxe7 19. Qf2 Qd6 20. Rxe7 Nxe7 21. Ne4 Qb4 22. Bb3 Nf5 23. c3 Qe7 24. Bc2 Re8 25. g3 Nd6 26. Ng5 Qe2+ 27. Qxe2 Rxe2 28. Bb3 Rxb2 29. Kg1 a5 30. Rh2 Rb1+ 31. Kf2 Rc1 32. c4 Nxc4 33. Ne4 Nd6 34. Nxd6 cxd6 35. Ke3 Rc3+ 36. Ke4 Rf3 37. Rc2 f5# 0-1

[Event "Vienna Open"]
[Site "Vienna AUT"]
[Date "1991.??.??"]
[Round "3"]
[White "Kure, Alexander"]
[Black "Wedberg, Tom"]
[Result "0-1"]
[WhiteElo "2245"]
[BlackElo "2460"]
[PlyCount "32"]
[EventDate "1991.10.??"]
[Source "www.chesslib.no"]
[SourceDate "2004.05.04"]

1. e4 e5 2. f4 exf4 3. Nf3 Be7 4. Nc3 Bh4+ 5. Ke2 d5 6. Nxd5 Nf6 7. Nxf6+ Qxf6 8. d4 Bg4 9. Qd3 Nc6 10. e5 Nxe5 11. Qe4 O-O-O 12. dxe5 Qa6+ 13. c4 f5 14. Qc2 Rd4 15. Bd2 Rhd8 16. Qc3 Qxc4+ 0-1

[Event "Corr"]
[Site "?"]
[Date "2002.06.15"]
[Round "?"]
[White "Serradimigni Robert (FRA)"]
[Black "Erofeev Sergey Petrovich (R"]
[Result "1-0"]
[WhiteElo "2375"]
[BlackElo "2314"]
[PlyCount "40"]
[EventDate "2002.??.??"]
[Source "www.chesslib.no"]
[SourceDate "2004.05.04"]

1. e4 e5 2. f4 exf4 3. Nf3 Be7 4. Nc3 Bh4+ 5. Ke2 Be7 6. d4 g5 7. Kf2 Nf6 8. Bc4 Ng4+ 9. Kg1 d6 10. h3 Ne3 11. Bxe3 fxe3 12. Qe2 c6 13. Qxe3 O-O 14. h4 b5 15. Bb3 g4 16. Ng5 b4 17. e5 Bf5 18. Rf1 Bxg5 19. hxg5 Bg6 20. Ne4 Nd7 1-0

[Event "Copenhagen3"]
[Site "Copenhagen DEN"]
[Date "1995.??.??"]
[Round "3"]
[White "Olesen, Martin"]
[Black "Timmerman, Gert Jan"]
[Result "1-0"]
[WhiteElo "2340"]
[BlackElo "2345"]
[PlyCount "69"]
[EventDate "1995.??.??"]
[Source "www.chesslib.no"]
[SourceDate "2004.05.04"]

1. e4 e5 2. f4 exf4 3. Nf3 Be7 4. Nc3 Bh4+ 5. Ke2 d5 6. Nxd5 Nf6 7. Nxf6+ Bxf6 8. d4 g5 9. c3 c5 10. e5 Bg7 11. h4 g4 12. Ng5 Bf5 13. Qd2 cxd4 14. Qxf4 d3+ 15. Kd1 Qd7 16. b3 Nc6 17. Ne4 Bxe5 18. Qxe5+ Nxe5 19. Nf6+ Ke7 20. Nxd7 Kxd7 21. Bf4 Rhe8 22. Kd2 Re6 23. Rd1 Kc6 24. c4 Rd8 25. Kc3 a6 26. g3 Be4 27. Rh2 b5 28. Rhd2 bxc4 29. bxc4 Ng6 30. Bg5 f6 31. Bh6 Ne5 32. Bf4 Ng6 33. Bh6 Ne5 34. Be3 Bf3 35. Rb1 1-0

[Event "Slupsk"]
[Site "Slupsk"]
[Date "1989.??.??"]
[Round "6"]
[White "Grabarczyk, Bogdan"]
[Black "Maslanka, Robert"]
[Result "1-0"]
[WhiteElo "2345"]
[BlackElo "2315"]
[PlyCount "81"]
[EventDate "1989.??.??"]
[Source "www.chesslib.no"]
[SourceDate "2004.05.04"]

1. e4 e5 2. f4 exf4 3. Nf3 Be7 4. Nc3 Nf6 5. Bc4 Nxe4 6. Bxf7+ Kxf7 7. Ne5+ Kg8 8. Nxe4 d6 9. Nf3 d5 10. Nf2 Nc6 11. d4 g5 12. h4 h6 13. Qd3 Qd6 14. Bd2 Qe6+ 15. Kf1 Qf5 16. Qb3 g4 17. Ne5 Nxe5 18. dxe5 c6 19. Re1 b6 20. Qa4 g3 21. Nd3 f3 22. Qxc6 Ba6 23. Qxd5+ Kh7 24. Qxf3 Qxf3+ 25. gxf3 Rac8 26. Bc3 Rhd8 27. Rd1 Rc4 28. h5 Rf4 29. Kg2 Rf5 30. f4 Rg8 31. Rhg1 Bb7+ 32. Kf1 Rxh5 33. Ne1 Rf5 34. Rd7 Rxf4+ 35. Ke2 Ba6+ 36. Kd1 Re8 37. Rxg3 Rd8 38. Rxd8 Bxd8 39. e6 Bg5 40. Nf3 Re4 41. Rxg5 1-0

[Event "SWE-ch"]
[Site "Degerfors"]
[Date "1978.??.??"]
[Round "?"]
[White "Cramling, Dan"]
[Black "Fridh, Anton"]
[Result "1-0"]
[WhiteElo "2355"]
[BlackElo "2285"]
[PlyCount "41"]
[EventDate "1978.07.??"]
[Source "ChessBase"]

1. e4 e5 2. f4 exf4 3. Nf3 Be7 4. Nc3 Nf6 5. d4 d5 6. Bd3 dxe4 7. Nxe4 Nd5 8. Qe2 O-O 9. Bd2 Re8 10. O-O-O Nc6 11. c3 Bf5 12. g3 Bf8 13. gxf4 Bxe4 14. Bxe4 f5 15. Bxd5+ Qxd5 16. Qd3 Qxa2 17. Qxf5 h6 18. h4 Na5 19. Ng5 hxg5 20. hxg5 Nc4 21. Qd5+ 1-0

[Event "FRA"]
[Site "France"]
[Date "1993.??.??"]
[Round "?"]
[White "Boulard, Eric"]
[Black "Boudre, Jean-Pierre"]
[Result "0-1"]
[WhiteElo "2255"]
[BlackElo "2380"]
[PlyCount "66"]
[EventDate "1993.??.??"]
[Source "www.chesslib.no"]
[SourceDate "2004.05.04"]

1. e4 e5 2. f4 exf4 3. Nf3 Be7 4. Bc4 Bh4+ 5. Kf1 Be7 6. Nc3 d6 7. d4 Nf6 8. Bxf4 Nxe4 9. Nxe4 d5 10. Bd3 dxe4 11. Bxe4 Nd7 12. c4 Nf6 13. Bc2 O-O 14. Qd3 g6 15. Rd1 Re8 16. Ne5 Bd6 17. Qf3 Be6 18. Bg5 Kg7 19. Qc3 Ne4 20. Bxe4 Qxg5 21. Nf3 Qf6 22. Bxb7 Rab8 23. Bc6 Bb4 24. Qc1 Bg4 25. h3 Bh5 26. Kf2 Qxc6 27. g4 Re4 28. c5 Rbe8 29. a3 Re2+ 30. Kg3 R8e3 31. Rhf1 g5 32. Rf2 Qe4 33. Qxe3 Rxe3 0-1

[Event "Bartis Memorial A 9198"]
[Site "Bartis Memorial A 9198"]
[Date "1993.??.??"]
[Round "?"]
[White "Laurencena, Alberto"]
[Black "Fernandez Fornes, Juan Alberto"]
[Result "1/2-1/2"]
[WhiteElo "2315"]
[BlackElo "2305"]
[PlyCount "49"]
[EventDate "1993.??.??"]
[Source "www.chesslib.no"]
[SourceDate "2004.05.04"]

1. e4 e5 2. f4 exf4 3. Nf3 Be7 4. Nc3 Nf6 5. e5 Ng4 6. d4 Bh4+ 7. Ke2 O-O 8. Bxf4 d6 9. h3 Nf2 10. Qe1 Nxh3 11. Bg3 Nf4+ 12. Ke3 Bxg3 13. Qxg3 dxe5 14. dxe5 Ng6 15. Bd3 Nc6 16. Rh5 Nce7 17. Rah1 h6 18. Qh2 Re8 19. Rxh6 gxh6 20. Qxh6 Nf5+ 21. Bxf5 Bxf5 22. Qh7+ Kf8 23. Qh6+ Kg8 24. Qh7+ Kf8 25. Qh6+ 1/2-1/2

[Event "Dubai Asian Cities"]
[Site "Dubai"]
[Date "1992.??.??"]
[Round "1"]
[White "West, Guy"]
[Black "Adhami, Hesham"]
[Result "1-0"]
[WhiteElo "2410"]
[BlackElo "2205"]
[PlyCount "51"]
[EventDate "1992.??.??"]
[Source "ChessBase"]

1. e4 e5 2. f4 exf4 3. Nf3 Be7 4. Bc4 d6 5. d3 g5 6. Nc3 c6 7. h4 g4 8. Ng5 Bxg5 9. hxg5 Qxg5 10. g3 Qe7 11. Bxf4 h5 12. Qd2 Be6 13. O-O-O Nd7 14. Qf2 Ne5 15. Bb3 Nf3 16. Ne2 Rh7 17. Nd4 Nxd4 18. Qxd4 Kd7 19. c4 c5 20. Ba4+ Kd8 21. Qc3 Kc8 22. d4 Nf6 23. dxc5 Nxe4 24. cxd6 Qxd6 25. Rxd6 Nxc3 26. bxc3 1-0

[Event "Olympiad"]
[Site "Nice ol"]
[Date "1974.??.??"]
[Round "?"]
[White "Macles, Jacques"]
[Black "McKay, Roderick M"]
[Result "1/2-1/2"]
[WhiteElo "2280"]
[BlackElo "2330"]
[PlyCount "64"]
[EventDate "1974.??.??"]
[Source "www.chesslib.no"]
[SourceDate "2004.05.04"]

1. e4 e5 2. f4 exf4 3. Nf3 Be7 4. Nc3 Nf6 5. d4 d5 6. exd5 Nxd5 7. Nxd5 Qxd5 8. c4 Qa5+ 9. Kf2 Nc6 10. Bxf4 Bg4 11. d5 O-O-O 12. Be2 Qb6+ 13. Kf1 Rde8 14. Qb3 Bxf3 15. Bxf3 Nd4 16. Qxb6 axb6 17. Rd1 Nxf3 18. gxf3 Bc5 19. Re1 Kd7 20. Kg2 Rxe1 21. Rxe1 Ra8 22. a3 Ra4 23. b4 Bd4 24. Bc1 c5 25. dxc6+ bxc6 26. Rd1 c5 27. Bb2 Ke6 28. Bxd4 cxd4 29. Rxd4 Rxa3 30. c5 bxc5 31. bxc5 Rc3 32. Rd6+ Ke7 1/2-1/2

[Event "Nice ol (Men)"]
[Site "Nice FRA"]
[Date "1974.??.??"]
[Round "7"]
[White "McKay, Roderick M"]
[Black "Macles, Jacques"]
[Result "1/2-1/2"]
[WhiteElo "2330"]
[BlackElo "2280"]
[PlyCount "65"]
[EventDate "1974.06.06"]
[Source "www.chesslib.no"]
[SourceDate "2004.05.04"]

1. e4 e5 2. f4 exf4 3. Nf3 Be7 4. Nc3 Nf6 5. d4 d5 6. exd5 Nxd5 7. Nxd5 Qxd5 8. c4 Qa5+ 9. Kf2 Nc6 10. Bxf4 Bg4 11. d5 O-O-O 12. Be2 Qb6+ 13. Kf1 Rhe8 14. Qb3 Bxf3 15. Bxf3 Nd4 16. Qxb6 axb6 17. Rd1 Nxf3 18. gxf3 Bc5 19. Re1 Kd7 20. Kg2 Rxe1 21. Rxe1 Ra8 22. a3 Ra4 23. b4 Bd4 24. Bc1 c5 25. dxc6+ bxc6 26. Rd1 c5 27. Bb2 Ke6 28. Bxd4 cxd4 29. Rxd4 Rxa3 30. c5 bxc5 31. bxc5 Rc3 32. Rd6+ Ke7 33. Rd5 1/2-1/2

[Event "TCh-CZE Extraliga 2003-4"]
[Site "?"]
[Date "2003.12.07"]
[Round "4"]
[White "Lys Josef"]
[Black "Kanovsky David"]
[Result "1-0"]
[WhiteElo "2303"]
[BlackElo "2298"]
[PlyCount "119"]
[EventDate "2003.??.??"]
[Source "www.chesslib.no"]
[SourceDate "2004.05.04"]

1. f4 e5 2. e4 exf4 3. Nf3 Be7 4. Bc4 Nf6 5. e5 Ne4 6. d3 d5 7. Bb3 Nc5 8. Bxf4 O-O 9. O-O f5 10. Qe1 Ne6 11. Bd2 Na6 12. Nc3 c6 13. d4 Nac7 14. Ne2 b6 15. c3 Ba6 16. Bc2 Rc8 17. Rf2 Bxe2 18. Qxe2 c5 19. Raf1 Qd7 20. Bc1 g6 21. Bh6 Rf7 22. h4 cxd4 23. cxd4 Qd8 24. g3 a6 25. Qd2 Nb5 26. Kh1 a5 27. Rg2 Rc4 28. Bb3 Rb4 29. Be3 a4 30. Bd1 a3 31. b3 Bf8 32. Qd3 Qd7 33. Bd2 Rxd4 34. Nxd4 Nbxd4 35. b4 h5 36. Bc3 Qb5 37. Rd2 Qxd3 38. Rxd3 Nb5 39. Ba1 Nbc7 40. Rxa3 Bxb4 41. Rd3 Kf8 42. Bf3 Rd7 43. Rfd1 Bc5 44. Bxd5 Nxd5 45. Rxd5 Ra7 46. R1d2 Ke8 47. R5d3 Ra4 48. Bc3 f4 49. Rh2 Ra3 50. Rb2 Ra4 51. Be1 Re4 52. Bf2 fxg3 53. Bxg3 g5 54. hxg5 h4 55. Bf2 Rxe5 56. Bxc5 Nxc5 57. Rd6 Rxg5 58. Rdxb6 Nd3 59. Rg2 Rc5 60. Rb7 1-0

[Event "Helsinki Club Ch"]
[Site "Helsinki FIN"]
[Date "1990.??.??"]
[Round "2"]
[White "Alava, Mikko"]
[Black "Hentunen, Asko"]
[Result "0-1"]
[WhiteElo "2335"]
[BlackElo "2265"]
[PlyCount "63"]
[EventDate "1990.??.??"]
[Source "www.chesslib.no"]
[SourceDate "2004.05.04"]

1. e4 e5 2. f4 exf4 3. Nf3 Be7 4. Bc4 d6 5. d4 g5 6. Nc3 Be6 7. d5 Bg4 8. O-O Nd7 9. Bb5 Bf6 10. g3 fxg3 11. hxg3 Qe7 12. e5 dxe5 13. Ne4 O-O-O 14. d6 cxd6 15. Qxd6 h6 16. Be3 Rh7 17. Qd2 Kb8 18. Qa5 b6 19. Qa6 Rc8 20. Rad1 Nc5 21. Bxc5 Rxc5 22. Nxc5 Qxc5+ 23. Rf2 e4 24. Ne5 Qxe5 25. Rd7 Bxd7 26. Bxd7 Qc7 27. Kf1 Qxd7 28. Qa3 Be7 29. Qc3 f5 30. Rd2 Qc7 31. Qd4 Bc5 32. Qd5 0-1

[Event "Bozen Open"]
[Site "Bozen ITA"]
[Date "1992.??.??"]
[Round "9"]
[White "Kennaugh, Charles"]
[Black "Loncar, Robert"]
[Result "0-1"]
[WhiteElo "2320"]
[BlackElo "2265"]
[PlyCount "110"]
[EventDate "1992.??.??"]
[Source "www.chesslib.no"]
[SourceDate "2004.05.04"]

1. e4 e5 2. f4 exf4 3. Nf3 Be7 4. Nc3 Bh4+ 5. Ke2 d5 6. Nxd5 Bg4 7. d4 Nf6 8. Nxf6+ Qxf6 9. e5 Qb6 10. Bxf4 Nc6 11. c3 Qxb2+ 12. Bd2 Nxd4+ 13. cxd4 Qxd4 14. g3 O-O-O 15. gxh4 Qe4+ 16. Kf2 Bxf3 17. Qxf3 Rxd2+ 18. Be2 Qxh4+ 19. Kf1 Rd4 20. Kg2 Qg5+ 21. Qg3 Qd2 22. Rhe1 Re4 23. Kf1 f5 24. Rac1 Rxe2 25. Rxc7+ Kxc7 26. Qxg7+ Kc6 27. Rxe2 Qd1+ 28. Kf2 Qd4+ 29. Kf3 Qd3+ 30. Kf2 Qd4+ 31. Kf3 Qd5+ 32. Kf4 Qd4+ 33. Kxf5 Qd3+ 34. Re4 Rd8 35. Qh6+ Kb5 36. Qe3 Qf1+ 37. Rf4 Rf8+ 38. Ke4 Qg2+ 39. Qf3 Qc2+ 40. Ke3 Qc1+ 41. Ke4 Qb1+ 42. Kd5 Qxa2+ 43. Kd6 Qd2+ 44. Ke6 Rxf4 45. Qxb7+ Kc4 46. Qc7+ Kb3 47. Qxa7 Qa2 48. Qb6+ Kc3+ 49. Kd6 Rd4+ 50. Ke7 Qa3+ 51. Kf7 Rd7+ 52. Ke6 Qe7+ 53. Kf5 Qf7+ 54. Kg5 Qg7+ 55. Kf5 Rf7+ 0-1

[Event "Groningen op"]
[Site "Groningen"]
[Date "1999.12.19"]
[Round "1"]
[White "Holmsten, Aleksei"]
[Black "Muehlbach, Peter"]
[Result "1/2-1/2"]
[WhiteElo "2380"]
[BlackElo "2198"]
[PlyCount "71"]
[EventDate "1999.12.19"]
[Source "ChessBase"]
[SourceDate "2000.01.11"]

1. e4 e5 2. f4 exf4 3. Nf3 Be7 4. Nc3 d6 5. Bc4 Nf6 6. d3 Nc6 7. Bxf4 O-O 8. a3 Bg4 9. O-O Nh5 10. Qd2 Nxf4 11. Qxf4 Bxf3 12. Rxf3 Ne5 13. Rg3 Bh4 14. Rh3 Bg5 15. Qf2 c6 16. Bb3 Qb6 17. Qxb6 axb6 18. Rf1 Rae8 19. a4 Nd7 20. Rg3 Bf6 21. Nd1 Bd4+ 22. Kh1 Nc5 23. Ba2 g6 24. c3 Bg7 25. Ne3 Nxd3 26. Nc4 Ne5 27. Nxd6 Re7 28. Re3 Rd7 29. Nc4 Nxc4 30. Bxc4 Be5 31. Ref3 Kg7 32. Be6 Re7 33. Bb3 Rd7 34. Be6 Re7 35. Bc4 Rd7 36. Be6 1/2-1/2

[Event "Corr"]
[Site "?"]
[Date "2001.??.??"]
[Round "?"]
[White "Keller Manfred"]
[Black "Peters Andreas"]
[Result "1-0"]
[WhiteElo "2229"]
[BlackElo "2341"]
[PlyCount "87"]
[EventDate "2001.??.??"]
[Source "www.chesslib.no"]
[SourceDate "2004.05.04"]

1. e4 e5 2. f4 exf4 3. Nf3 Be7 4. Nc3 Bh4+ 5. Ke2 d6 6. d4 Bg4 7. Bxf4 Nc6 8. Qd3 Bg5 9. Bg3 a6 10. Kf2 Bh6 11. Re1 Bxf3 12. gxf3 Nge7 13. f4 Qd7 14. d5 Na7 15. f5 O-O 16. h4 Nac8 17. Bh3 f6 18. Ne2 c6 19. Bf4 Bxf4 20. Nxf4 cxd5 21. exd5 Qa4 22. Re4 Qxa2 23. Rhe1 Qxb2 24. h5 Qb6+ 25. Kf1 Rf7 26. Ng6 Qc7 27. Qe2 h6 28. Nxe7+ Nxe7 29. Rxe7 Rxe7 30. Qxe7 Qc3 31. Re3 Qxc2 32. Rg3 Qd1+ 33. Kf2 Qd4+ 34. Ke2 Qe5+ 35. Qxe5 dxe5 36. d6 Rd8 37. Rd3 Kf8 38. Bg2 b6 39. Bb7 a5 40. Bc6 Rb8 41. Rb3 Kf7 42. Kd3 Kf8 43. Kc4 Kf7 44. Kd5 1-0

[Event "Muenster ELO"]
[Site "Muenster GER"]
[Date "1988.??.??"]
[Round "3"]
[White "Buecker, Stefan"]
[Black "Hoellmann, Ludger"]
[Result "1-0"]
[WhiteElo "2300"]
[BlackElo "2255"]
[PlyCount "63"]
[EventDate "1988.??.??"]
[Source "www.chesslib.no"]
[SourceDate "2004.05.04"]

1. e4 e5 2. f4 exf4 3. Nf3 Be7 4. Nc3 Bh4+ 5. Ke2 Bg5 6. d4 c6 7. d5 Bh6 8. d6 Nf6 9. g3 b5 10. a3 O-O 11. Bg2 g6 12. Re1 b4 13. axb4 Ba6+ 14. b5 cxb5 15. b4 Qc8 16. Qd4 Nc6 17. Qc5 Bb7 18. gxf4 a5 19. Kd1 Nxb4 20. Qxc8 Rfxc8 21. Bd2 Nxc2 22. Kxc2 b4 23. Ne5 bxc3 24. Bc1 Ra6 25. Rb1 Ba8 26. Nd3 Ne8 27. Bh3 Rxd6 28. e5 Ra6 29. Nc5 Rxc5 30. Rb8 Bf8 31. Rxe8 Ra7 32. Ba3 1-0

[Event "Muenster ELO"]
[Site "Muenster GER"]
[Date "1988.??.??"]
[Round "8"]
[White "Buecker, Peter"]
[Black "Hoellmann, Ludger"]
[Result "1-0"]
[WhiteElo "2290"]
[BlackElo "2255"]
[PlyCount "87"]
[EventDate "1988.??.??"]
[Source "www.chesslib.no"]
[SourceDate "2004.05.04"]

1. e4 e5 2. f4 exf4 3. Nf3 Be7 4. Nc3 Bh4+ 5. Ke2 d6 6. d4 Bg4 7. Bxf4 Nc6 8. Qd3 Bg5 9. Bg3 Nf6 10. Kf2 Nh5 11. Nd5 Bh6 12. c3 O-O 13. Bh4 Qd7 14. h3 f5 15. hxg4 fxg4 16. Be2 gxf3 17. Bxf3 Nf4 18. Nxf4 Bxf4 19. Bg3 Bxg3+ 20. Kxg3 Rf6 21. e5 Rg6+ 22. Qxg6 hxg6 23. Bd5+ Kf8 24. Raf1+ Ke7 25. Rf7+ Kd8 26. Rh8+ Qe8 27. Rxe8+ Kxe8 28. exd6 cxd6 29. Rxb7 Nd8 30. Rxg7 Rb8 31. b3 Rb6 32. Rxg6 a5 33. a4 Ke7 34. Rg7+ Kf6 35. Rh7 Nc6 36. Rf7+ Kg6 37. Rc7 Nd8 38. Rd7 Rb8 39. Rxd6+ Kg5 40. Ra6 Rc8 41. c4 Rb8 42. c5 Rb4 43. Bc4 Nc6 44. Rxc6 1-0

[Event "Bad Zwesten GER"]
[Site "?"]
[Date "2003.??.??"]
[Round "5"]
[White "Kaufeld Juergen"]
[Black "Hermann Manfred"]
[Result "0-1"]
[WhiteElo "2191"]
[BlackElo "2338"]
[PlyCount "38"]
[EventDate "2003.??.??"]
[Source "www.chesslib.no"]
[SourceDate "2004.05.04"]

1. e4 e5 2. f4 exf4 3. Nf3 Be7 4. Be2 d6 5. d4 g5 6. h4 g4 7. Ng5 h6 8. Nxf7 Bxh4+ 9. Kf1 Kxf7 10. Bxg4 Bg5 11. g3 Bxg4 12. Qxg4 Nf6 13. Qf3 fxg3 14. Bxg5 hxg5 15. Rxh8 Qxh8 16. e5 Qh3+ 17. Ke2 Qh2+ 18. Kd3 dxe5 19. Qxb7 g2 0-1

[Event "18. Open"]
[Site "?"]
[Date "2003.10.26"]
[Round "1"]
[White "Luco Alain"]
[Black "Marholev Dimitar"]
[Result "0-1"]
[WhiteElo "2114"]
[BlackElo "2407"]
[PlyCount "80"]
[EventDate "2003.??.??"]
[Source "www.chesslib.no"]
[SourceDate "2004.05.04"]

1. e4 e5 2. f4 exf4 3. Nf3 Be7 4. Nc3 Nf6 5. d4 d5 6. exd5 Nxd5 7. Bc4 Be6 8. Bxd5 Bxd5 9. Nxd5 Qxd5 10. O-O g5 11. Qe2 Nc6 12. c4 Nxd4 13. Nxd4 Qxd4+ 14. Kh1 Rd8 15. g3 Qd3 16. Qxd3 Rxd3 17. gxf4 g4 18. f5 Bf6 19. Bf4 Kd7 20. Rad1 Rxd1 21. Rxd1+ Kc8 22. b3 Re8 23. Rd2 Re4 24. Bh6 Bd4 25. Kg2 c5 26. h3 gxh3+ 27. Kxh3 Kd7 28. Kg3 Ke7 29. Bg5+ f6 30. Bf4 Kd7 31. Kf3 Re7 32. Rh2 Kc6 33. Bd2 b5 34. cxb5+ Kxb5 35. a4+ Kc6 36. Rh3 Kd5 37. Kg4 Ke4 38. Bh6 Rb7 39. Rf3 Rb8 40. Rf4+ Kd3 0-1

[Event "Berliner Sommer"]
[Site "Berlin GER"]
[Date "1994.??.??"]
[Round "?"]
[White "Schulz, Michael1"]
[Black "Walter, Guenter 1"]
[Result "1-0"]
[WhiteElo "2295"]
[BlackElo "2220"]
[PlyCount "83"]
[EventDate "1994.08.??"]
[Source "www.chesslib.no"]
[SourceDate "2004.05.04"]

1. e4 e5 2. f4 exf4 3. Nf3 Be7 4. Bc4 Bh4+ 5. Kf1 d5 6. Bxd5 Nf6 7. Nc3 Na6 8. d3 Nxd5 9. Nxd5 O-O 10. Nxf4 Bg4 11. g3 f5 12. e5 Be7 13. Kg2 Nc5 14. h3 g5 15. hxg4 gxf4 16. Bxf4 fxg4 17. Nh4 Qd5+ 18. Kh2 Qe6 19. Ng2 Rad8 20. Qe2 Qg6 21. Ne3 h5 22. Qg2 Ne6 23. Nd5 Bg5 24. Rhf1 c6 25. Bxg5 Rxd5 26. Rxf8+ Nxf8 27. Bf4 Ne6 28. Rf1 Nd4 29. Qe4 Kh7 30. Kg2 Qxe4+ 31. dxe4 Rb5 32. b3 Ra5 33. a4 b5 34. Rd1 c5 35. c3 Nxb3 36. e6 Rxa4 37. e5 Ra2+ 38. Kf1 Kg7 39. Bh6+ Kxh6 40. e7 Rd2 41. Rxd2 Nxd2+ 42. Kg2 1-0

[Event "Bad Zwesten op 6th"]
[Site "Bad Zwesten"]
[Date "2002.01.07"]
[Round "6"]
[White "Dorst, Johannes"]
[Black "Boudre, Jean Pierre"]
[Result "0-1"]
[WhiteElo "2119"]
[BlackElo "2384"]
[PlyCount "46"]
[EventDate "2002.01.04"]
[Source "ChessBase"]
[SourceDate "2002.03.14"]

1. e4 e5 2. f4 exf4 3. Nf3 Be7 4. Bc4 Bh4+ 5. Kf1 d5 6. exd5 Be7 7. d4 Bd6 8. Nc3 Ne7 9. Ne5 Ng6 10. Qh5 O-O 11. Ne4 Nd7 12. Nxd6 cxd6 13. Nd3 Nf6 14. Qd1 Bg4 15. Qd2 Rc8 16. Qb4 Ne4 17. Nf2 Nxf2 18. Kxf2 Qh4+ 19. Kf1 Rfe8 20. Bd2 f3 21. Qb3 Rxc4 22. Qxc4 fxg2+ 23. Kxg2 Bh3+ 0-1

[Event "Budapest FS09 IM-C"]
[Site "Budapest"]
[Date "2002.09.07"]
[Round "1"]
[White "Frink, Ferenc"]
[Black "Le Kieu Thien, Kim"]
[Result "1/2-1/2"]
[WhiteElo "2240"]
[BlackElo "2256"]
[PlyCount "133"]
[EventDate "2002.09.07"]
[Source "ChessBase"]
[SourceDate "2002.11.06"]

1. e4 e5 2. f4 exf4 3. Nf3 Be7 4. Bc4 Bh4+ 5. Kf1 d6 6. d4 Bg4 7. Bxf4 Qf6 8. Be3 Nh6 9. Nbd2 O-O 10. h3 Bxf3 11. Qxf3 Nc6 12. c3 Rae8 13. Qxf6 Bxf6 14. g4 Bd8 15. Re1 Kh8 16. Kg2 f6 17. Bxh6 gxh6 18. Bd5 Na5 19. a4 c5 20. b4 cxb4 21. cxb4 Nc6 22. Bxc6 bxc6 23. Rc1 Bb6 24. Rxc6 Bxd4 25. Kf3 d5 26. exd5 Re3+ 27. Kf4 f5 28. gxf5 Re5 29. f6 Rxd5 30. Ne4 Be5+ 31. Ke3 Bd4+ 32. Ke2 Re8 33. Kf3 Rf5+ 34. Kg4 Rd5 35. Re1 h5+ 36. Kf4 Be5+ 37. Kf3 Rf8 38. Kg2 Rg8+ 39. Kf1 Rf8 40. Re2 h6 41. Rc5 Rxc5 42. bxc5 Bxf6 43. Rf2 Kg7 44. c6 Be5 45. Rxf8 Kxf8 46. Ke2 Ke7 47. Kd3 Bc7 48. Kc4 Ke6 49. Kb5 Ke5 50. Nc5 Kd6 51. a5 a6+ 52. Nxa6 Bxa5 53. Nc5 Bc7 54. Nd3 h4 55. Nb4 Ke5 56. Ka6 Ke4 57. Kb7 Bd6 58. c7 Bxc7 59. Kxc7 Kf3 60. Kd6 Kg3 61. Ke5 Kxh3 62. Kf4 Kg2 63. Nd3 h3 64. Ne1+ Kf2 65. Nd3+ Kg1 66. Kg3 h2 67. Nf2 1/2-1/2

[Event "IMA"]
[Site "?"]
[Date "2005.04.20"]
[Round "8"]
[White "Ferkingstad Sjur"]
[Black "Ghannoum Marc"]
[Result "1-0"]
[WhiteElo "2237"]
[BlackElo "2252"]
[PlyCount "65"]
[EventDate "2005.??.??"]
[Source "www.chesslib.no"]
[SourceDate "2004.05.04"]

1. e4 e5 2. f4 exf4 3. Nf3 Be7 4. Nc3 Bh4+ 5. Ke2 d5 6. Nxd5 Nf6 7. Nxf6+ Bxf6 8. d4 g5 9. e5 Bg7 10. g3 g4 11. Nh4 Qd5 12. Rg1 f3+ 13. Kf2 Bxe5 14. Be3 Bf6 15. c4 Qd8 16. Qd3 Bxh4 17. Bh6 Be7 18. Re1 Be6 19. d5 Bc5+ 20. Be3 Bxe3+ 21. Qxe3 Qf6 22. Qd2 O-O 23. dxe6 fxe6 24. Bd3 Nc6 25. Re4 h5 26. Rge1 Rad8 27. Kf1 e5 28. c5 f2 29. R1e2 Kg7 30. Qc3 Nd4 31. Rxe5 Nxe2 32. Rg5+ Kh8 33. Rxh5+ 1-0

[Event "BCF-ch"]
[Site "Torquay"]
[Date "2002.08.06"]
[Round "8"]
[White "Mason, Donald"]
[Black "Nixon, Thomas CM"]
[Result "1-0"]
[WhiteElo "2266"]
[BlackElo "2187"]
[PlyCount "59"]
[EventDate "2002.07.29"]
[Source "ChessBase"]
[SourceDate "2002.11.12"]

1. e4 e5 2. f4 exf4 3. Nf3 Be7 4. Nc3 d6 5. Bc4 Be6 6. Qe2 Nc6 7. d4 Bh4+ 8. g3 fxg3 9. O-O Bf6 10. e5 dxe5 11. d5 Bh3 12. dxc6 Bxf1 13. Qxf1 gxh2+ 14. Kh1 Ne7 15. Nxe5 O-O 16. Nd7 Nxc6 17. Nxf6+ Qxf6 18. Qxf6 gxf6 19. Bh6 Rfe8 20. Nd5 Re5 21. Nxf6+ Kh8 22. Kxh2 Ne7 23. Bd2 Kg7 24. Bc3 Rf5 25. Nd5+ Kf8 26. Bb4 Rf2+ 27. Kg3 Rxc2 28. Bxe7+ Ke8 29. Re1 Rxc4 30. Nf6# 1-0

[Event "Dos Hermanas op"]
[Site "Dos Hermanas"]
[Date "1998.??.??"]
[Round "9"]
[White "Nuevo Perez, Antonio"]
[Black "Morejon Rodriguez, Eduardo"]
[Result "1-0"]
[WhiteElo "2100"]
[BlackElo "2335"]
[PlyCount "63"]
[EventDate "1998.04.17"]
[Source "www.chesslib.no"]
[SourceDate "2004.05.04"]

1. f4 e5 2. e4 exf4 3. Nf3 Be7 4. Bc4 Bh4+ 5. Kf1 d5 6. Bxd5 c6 7. Bb3 Bg4 8. Bxf7+ Kf8 9. Bc4 Nd7 10. Be2 Bxf3 11. Bxf3 Ne5 12. Nc3 Qd4 13. Qe2 g5 14. Nd1 h5 15. c3 Qd3 16. Qxd3 Nxd3 17. Be2 Nxc1 18. Rxc1 Nf6 19. d3 Kg7 20. g3 fxg3 21. Ne3 Kg6 22. Nf5 gxh2 23. Rxh2 Raf8 24. Kg2 Ng4 25. Bxg4 hxg4 26. Rch1 g3 27. Nxg3 Rf4 28. Rf1 Rhf8 29. Nf5 Rg4+ 30. Kh3 Kh5 31. Re2 Rf4 32. Rxf4 1-0